| 000 | 01474cam a2200361 a 4500 | ||
|---|---|---|---|
| 001 | 4508745 | ||
| 003 | ARRUPE | ||
| 005 | 20160209123355.0 | ||
| 008 | 980924r19991969enkab b 001 0 eng | ||
| 010 | _a 98045323 | ||
| 020 | _a0485196379 (paper) | ||
| 040 |
_aDLC _cDLC _dDLC |
||
| 043 | _af-tg--- | ||
| 050 | 0 | 0 |
_aDT582.45.A56 _bN85 1999 |
| 082 | 0 | 0 |
_a392.5/096681 _221 |
| 100 | 1 |
_aNukunya, G. K. _922144 |
|
| 245 | 1 | 0 |
_aKinship & marriage among the Anlo Ewe / _cG.K. Nukunya. |
| 260 |
_aLondon ; _bAthlone Press ; _c1999. |
||
| 300 |
_aix, 217 p. : _bill., maps ; _c22 cm. |
||
| 490 | 1 |
_aLondon School of Economics. Monographs on social anthropology ; _vv. 37 |
|
| 500 | _aOriginally published: London : University of London, Athlone Press, 1969. | ||
| 504 | _aIncludes bibliographical references (p. [209]-211) and index. | ||
| 650 | 0 |
_aAnlo (African people) _xMarriage customs and rites. _922145 |
|
| 650 | 0 |
_aAnlo (African people) _xKinship. _922146 |
|
| 650 | 0 |
_aMarriage customs and rites _zTogo. _922147 |
|
| 650 | 0 |
_aKinship _zTogo. _922148 |
|
| 651 | 0 |
_aTogo _xSocial life and customs. _922149 |
|
| 830 | 0 |
_aMonographs on social anthropology ; _vno. 37. _922150 |
|
| 856 | 4 | 2 |
_3Publisher description _uhttp://www.loc.gov/catdir/enhancements/fy0601/98045323-d.html |
| 906 |
_a7 _bcbc _corignew _d1 _eocip _f19 _gy-gencatlg |
||
| 942 |
_2lcc _cMONOGRAPH |
||
| 999 |
_c124121 _d124121 |
||